00563nam a2200169Ia 4500008004100000020001300041050002800054100002100082245006600103260003900169300003300208521000700241526000800248650004400256650004700300650004600347140304s9999 xx 000 0 und d a43920643 aE 185.97.K5 b.J33 2001 aJackson, Garnet  aMartin Luther King, Jr. : ba man of peace /cGarnet Jackson. aNew York :bScholastic Inc.,c2001 a48 p. :bcol. ill. ;c24 cm. aG4 c600 aAfrican AmericansxJuvenile literature. aCivil rights workersxJuvenile literature. aKing, Martin LutherxJuvenile literature.